[Event "Toronto-ch Reserves"]
[Site "Toronto CAN"]
[Date "2002.01.17"]
[Round "3"]
[White "Takov, Chris"]
[Black "Millar, David"]
[Result "1-0"]
[WhiteElo "1900"]
[BlackElo "1877"]
[PlyCount "97"]
[EventDate "2002.01.09"]
[EventType "tourn"]
[EventRounds "11"]
[EventCountry "CAN"]

1. d4 Nf6 2. Nf3 g6 3. b3 Bg7 4. Bb2 d5 5. g3 O-O 6. Bg2 Nbd7 7. Nbd2 c5 8. c4
e6 9. O-O b6 10. Re1 Bb7 11. Rc1 Rc8 12. cxd5 exd5 13. e3 Re8 14. dxc5 Nxc5 15.
Nb1 Ba6 16. Bf1 Bxf1 17. Rxf1 Qd7 18. Kg2 Qf5 19. Nc3 Rcd8 20. Nd4 Qd7 21. b4
Nce4 22. Qa4 Nd2 23. Qxd7 Rxd7 24. Rfd1 Nc4 25. Ba1 Ne5 26. Nde2 Red8 27. h3
Nc4 28. Kg1 Ne4 29. Nxe4 Bxa1 30. Rxa1 dxe4 31. Rxd7 Rxd7 32. Nd4 Ne5 33. Kf1
Rc7 34. Ke2 Kg7 35. Rd1 Rc4 36. b5 h5 37. Rd2 Rc5 38. Rc2 Rxc2+ 39. Nxc2 Nf3
40. Nb4 Kf6 41. Nc6 Ke6 42. Nxa7 Ng1+ 43. Kf1 Nxh3 44. Nc8 Kd5 45. Nxb6+ Kc5
46. Nc8 Kxb5 47. Nd6+ Ka4 48. Nxf7 Ka3 49. Kg2 1-0

[Event "Toronto-ch Reserves"]
[Site "Toronto CAN"]
[Date "2002.01.19"]
[Round "4"]
[White "Cohen, David"]
[Black "Shah, Omar"]
[Result "1/2-1/2"]
[WhiteElo "2023"]
[BlackElo "1913"]
[PlyCount "26"]
[EventDate "2002.01.09"]
[EventType "tourn"]
[EventRounds "11"]
[EventCountry "CAN"]

1. e4 e5 2. Nf3 Nc6 3. Bb5 a6 4. Ba4 Nf6 5. O-O Be7 6. Re1 b5 7. Bb3 d6 8. h3
O-O 9. c3 Re8 10. Ng5 Rf8 11. Nf3 Re8 12. Ng5 Rf8 13. Nf3 Re8 1/2-1/2

[Event "Toronto-ch Reserves"]
[Site "Toronto CAN"]
[Date "2002.01.19"]
[Round "4"]
[White "Haziprodromu, Sam"]
[Black "Deslauriers, Brian"]
[Result "0-1"]
[WhiteElo "1979"]
[BlackElo "1966"]
[PlyCount "113"]
[EventDate "2002.01.09"]
[EventType "tourn"]
[EventRounds "11"]
[EventCountry "CAN"]

1. e4 d6 2. d4 Nf6 3. Nc3 g6 4. h3 Bg7 5. Nf3 O-O 6. Be3 Nc6 7. Qd2 e5 8. d5
Ne7 9. O-O-O Bd7 10. g4 Qb8 11. Bd3 b5 12. Ne2 c5 13. dxc6 Bxc6 14. Ng3 d5 15.
Bg5 dxe4 16. Bxf6 exd3 17. Bxg7 Bxf3 18. Qh6 f6 19. Bxf8 Qxf8 20. Qxf8+ Kxf8
21. Rxd3 Bxh1 22. Nxh1 Ke8 23. Rd6 Kf7 24. Ng3 f5 25. f3 a5 26. Nf1 Rc8 27. Ne3
Rc6 28. Rd8 Rc5 29. b3 f4 30. Nd1 Rd5 31. Rxd5 Nxd5 32. Kd2 Nb4 33. a3 Nc6 34.
c3 Ke6 35. Nf2 Kd5 36. Kd3 h6 37. Ne4 Nd8 38. c4+ bxc4+ 39. bxc4+ Kc6 40. Nc3
Ne6 41. Nd5 Ng5 42. Ne7+ Kd6 43. Nxg6 Nxf3 44. h4 Ke6 45. a4 Kf6 46. h5 Ke6 47.
c5 Kd5 48. Ne7+ Kxc5 49. Nf5 Ng5 50. Nxh6 Kb4 51. Nf5 Kxa4 52. h6 Kb3 53. Nd6
a4 54. Ne4 a3 55. Nxg5 a2 56. h7 e4+ 57. Kxe4 0-1

[Event "Toronto-ch Reserves"]
[Site "Toronto CAN"]
[Date "2002.01.26"]
[Round "4"]
[White "Millar, David"]
[Black "Picana, Andrew"]
[Result "0-1"]
[WhiteElo "1877"]
[BlackElo "2018"]
[PlyCount "82"]
[EventDate "2002.01.09"]
[EventType "tourn"]
[EventRounds "11"]
[EventCountry "CAN"]

1. e4 c5 2. Nf3 d6 3. d4 cxd4 4. Nxd4 Nf6 5. Nc3 a6 6. Be2 e5 7. Nb3 Be6 8. Bg5
Be7 9. O-O O-O 10. Be3 b5 11. a3 Nbd7 12. f4 Qc7 13. Nd2 Nb6 14. Qe1 Rac8 15.
Qg3 Kh8 16. Rae1 Rfe8 17. Kh1 Bc4 18. fxe5 dxe5 19. Bxc4 Nxc4 20. Nxc4 Qxc4 21.
Bg5 Qe6 22. Qh4 Ng8 23. Bxe7 Nxe7 24. Rd1 Ng6 25. Qg5 f6 26. Qd2 Nf4 27. g3 Nh3
28. Kg2 Ng5 29. Qd7 Qc4 30. Qf5 a5 31. Rd7 Rc7 32. Rfd1 b4 33. Rxc7 Qxc7 34.
Rd7 Qc6 35. h4 g6 36. Qg4 h5 37. Qd1 bxc3 38. hxg5 cxb2 39. gxf6 Qxd7 40. Qc1
Rc8 41. Qh6+ Qh7 0-1

[Event "Toronto-ch Reserves"]
[Site "Toronto CAN"]
[Date "2002.01.19"]
[Round "4"]
[White "Sviridovitch, Alina"]
[Black "Bergeron, Florian"]
[Result "1-0"]
[WhiteElo "1925"]
[BlackElo "1950"]
[PlyCount "99"]
[EventDate "2002.01.09"]
[EventType "tourn"]
[EventRounds "11"]
[EventCountry "CAN"]

1. d4 Nf6 2. Nf3 g6 3. Bg5 Bg7 4. e3 c5 5. c3 cxd4 6. cxd4 O-O 7. Nc3 d5 8. Bd3
b6 9. Ne5 Bb7 10. Qc2 Nc6 11. f4 Nb4 12. Qd2 Nxd3+ 13. Qxd3 Ne4 14. Bh4 Rc8 15.
O-O a6 16. Nxe4 dxe4 17. Qb3 Bf6 18. Bxf6 exf6 19. Ng4 h5 20. Nf2 Bd5 21. Qb4
Rc4 22. Qd2 Qc7 23. Nd1 Rc2 24. Qb4 a5 25. Qe1 f5 26. Nc3 Qc4 27. Rf2 Rxf2 28.
Kxf2 Rc8 29. Qe2 Qxe2+ 30. Kxe2 Bc4+ 31. Kd2 b5 32. b3 Bd3 33. Rc1 Kf8 34. Nd5
Rxc1 35. Kxc1 Ke8 36. Kb2 Kd7 37. Kc3 b4+ 38. Nxb4 axb4+ 39. Kxb4 Kc6 40. Ka5
h4 41. b4 f6 42. a4 g5 43. g3 Bc4 44. b5+ Kb7 45. Kb4 Bd3 46. Kc5 Kc7 47. d5
Bc2 48. a5 Bb3 49. a6 Kb8 50. Kc6 1-0

[Event "Toronto-ch Reserves"]
[Site "Toronto CAN"]
[Date "2002.01.19"]
[Round "4"]
[White "Vadachkoriya, Irakli"]
[Black "Paterson, Jim"]
[Result "1/2-1/2"]
[WhiteElo "1949"]
[BlackElo "1964"]
[PlyCount "70"]
[EventDate "2002.01.09"]
[EventType "tourn"]
[EventRounds "11"]
[EventCountry "CAN"]

1. e4 c5 2. Nc3 Nc6 3. f4 e6 4. Bc4 a6 5. a4 Nge7 6. d3 d5 7. Ba2 dxe4 8. Nxe4
Nf5 9. Nf3 Be7 10. O-O O-O 11. Kh1 b6 12. Qe1 Nfd4 13. Qf2 Bd7 14. Be3 Nxf3 15.
Qxf3 Nb4 16. Bb3 Nd5 17. Bd2 Nf6 18. Bc3 Nxe4 19. Qxe4 Ra7 20. Be5 Bf6 21. Rf3
Qa8 22. Qe3 Bc6 23. Rg3 Bxe5 24. fxe5 Bd5 25. Rf1 g6 26. Bxd5 Qxd5 27. b3 Qd4
28. Qe2 Rd7 29. Rg4 Qc3 30. Rc4 Qb2 31. Rcf4 Rd5 32. Qf2 Rd7 33. Qe2 Rd4 34.
R4f3 Rd5 35. Qf2 Rd7 1/2-1/2

[Event "Toronto-ch Reserves"]
[Site "Toronto CAN"]
[Date "2002.01.21"]
[Round "5"]
[White "Bergeron, Florian"]
[Black "Cohen, David"]
[Result "1/2-1/2"]
[WhiteElo "1954"]
[BlackElo "2023"]
[PlyCount "81"]
[EventDate "2002.01.09"]
[EventType "tourn"]
[EventRounds "11"]
[EventCountry "CAN"]

1. d4 d5 2. c4 c6 3. Nc3 Nf6 4. cxd5 cxd5 5. Nf3 Nc6 6. Bf4 e6 7. e3 Bb4 8. Bd3
Bd7 9. O-O Bxc3 10. bxc3 Rc8 11. c4 dxc4 12. Bxc4 O-O 13. Qe2 h6 14. e4 Na5 15.
Bd3 Bc6 16. Rac1 Re8 17. Rc2 Ba4 18. Rxc8 Qxc8 19. Rc1 Nc6 20. e5 Nd5 21. Bd2
Qd8 22. Bb1 Kf8 23. Qc4 Nb6 24. Qd3 Ke7 25. Qa3+ Kd7 26. Be4 Qe7 27. Bxc6+ Bxc6
28. Qxa7 Nd5 29. Rc5 Rc8 30. Ra5 Qd8 31. Ra3 Qb6 32. Qxb6 Nxb6 33. Rc3 Ra8 34.
a3 Bd5 35. Bc1 Nc4 36. Nd2 Nxd2 37. Bxd2 b5 38. f3 Bc4 39. Kf2 Kc6 40. Ke3 Kd5
41. Bc1 1/2-1/2

[Event "Toronto-ch Reserves"]
[Site "Toronto CAN"]
[Date "2002.01.21"]
[Round "5"]
[White "Deslauriers, Brian"]
[Black "Vadachkoriya, Irakli"]
[Result "1-0"]
[WhiteElo "1966"]
[BlackElo "1949"]
[PlyCount "81"]
[EventDate "2002.01.09"]
[EventType "tourn"]
[EventRounds "11"]
[EventCountry "CAN"]

1. c4 Nf6 2. g3 g6 3. Bg2 Bg7 4. Nc3 O-O 5. d3 d6 6. a3 e5 7. e4 Nc6 8. Nge2
Ne8 9. O-O f5 10. Be3 Nf6 11. Qd2 Nh5 12. exf5 Bxf5 13. Nd5 Nf6 14. Bg5 Qd7 15.
Nxf6+ Bxf6 16. Bxf6 Rxf6 17. d4 Rb8 18. b4 Ne7 19. dxe5 dxe5 20. Qe3 Nc6 21.
Rfd1 Qe8 22. b5 Na5 23. Qxa7 Nxc4 24. Qc5 Nb2 25. Rd2 Nd3 26. Qc4+ Kh8 27. Rxd3
Bxd3 28. Qxd3 Qf7 29. f4 exf4 30. Nxf4 Rd6 31. Qc2 b6 32. Re1 Qg7 33. Ne6 Qd7
34. Qc3+ Kg8 35. Qc4 Kh8 36. Ng5 Kg7 37. Qc3+ Kg8 38. Bf1 Rf8 39. Bc4+ Rd5 40.
Rd1 Rff5 41. Bxd5+ 1-0

[Event "Toronto-ch Reserves"]
[Site "Toronto CAN"]
[Date "2002.01.21"]
[Round "5"]
[White "Paterson, Jim"]
[Black "Millar, David"]
[Result "1-0"]
[WhiteElo "1964"]
[BlackElo "1877"]
[PlyCount "91"]
[EventDate "2002.01.09"]
[EventType "tourn"]
[EventRounds "11"]
[EventCountry "CAN"]

1. e4 c5 2. Nf3 d6 3. d4 cxd4 4. Qxd4 Nf6 5. Nc3 Nc6 6. Bb5 Bd7 7. Bxc6 Bxc6 8.
Be3 e5 9. Qd3 Be7 10. h3 Qa5 11. O-O O-O 12. Bg5 Rfe8 13. Bxf6 Bxf6 14. Qxd6
Rad8 15. Qa3 Qxa3 16. bxa3 Rd7 17. Rad1 Red8 18. Rxd7 Rxd7 19. Rb1 g6 20. Kf1
Bg7 21. Ke2 f6 22. Nd2 Bf8 23. a4 Bc5 24. f3 Kf7 25. Nc4 Ke6 26. Na5 Bd4 27.
Nxc6 Bxc3 28. Rxb7 Rd2+ 29. Kf1 Rxc2 30. Rxh7 Rxa2 31. Rxa7 Kd6 32. Ra6 Kc5 33.
Ne7 Kd4 34. Rxf6 Ra1+ 35. Kf2 Be1+ 36. Ke2 Bh4 37. Rd6+ Kc3 38. Nd5+ Kc4 39.
Ne3+ Kc3 40. Rd3+ Kb2 41. Nd1+ Kb1 42. Rb3+ Kc1 43. Rc3+ Kb1 44. Rc4 Ra2+ 45.
Kd3 Bg5 46. Nc3+ 1-0

[Event "Toronto-ch Reserves"]
[Site "Toronto CAN"]
[Date "2002.01.21"]
[Round "5"]
[White "Picana, Andrew"]
[Black "Takov, Chris"]
[Result "1-0"]
[WhiteElo "2018"]
[BlackElo "1900"]
[PlyCount "110"]
[EventDate "2002.01.09"]
[EventType "tourn"]
[EventRounds "11"]
[EventCountry "CAN"]

1. e4 e6 2. d4 d5 3. Nc3 Nf6 4. Bg5 a6 5. Bxf6 gxf6 6. exd5 exd5 7. Qf3 Be6 8.
O-O-O b5 9. Bd3 c6 10. Nh3 Nd7 11. Rhe1 a5 12. Nf4 Bh6 13. Kb1 Bxf4 14. Qxf4
Qb8 15. Qh6 a4 16. f4 b4 17. Ne2 f5 18. Ng3 Kd8 19. Nxf5 b3 20. cxb3 Qb4 21.
bxa4 Rxa4 22. Rxe6 fxe6 23. Qxe6 Rxa2 24. Qe7+ Qxe7 25. Nxe7 Ra4 26. Nxc6+ Kc7
27. Bb5 Raa8 28. Ne7 Nf6 29. Bc6 Rad8 30. Rc1 Kd6 31. Nf5+ Ke6 32. Ne3 Rb8 33.
g4 h6 34. h4 Rb3 35. Re1 Kd6 36. Ba4 Rb4 37. b3 Ne4 38. Kb2 Rhb8 39. Ka3 Ng3
40. Nc2 R4b7 41. Re5 Ne4 42. Rh5 Rh7 43. Ne3 Nc3 44. g5 Nxa4 45. g6 Rhb7 46.
Rxd5+ Ke6 47. f5+ Kf6 48. Ng4+ Kg7 49. Kxa4 Ra7+ 50. Ra5 Rxa5+ 51. Kxa5 Rxb3
52. h5 Rh3 53. f6+ Kh8 54. Kb6 Rxh5 55. Kc6 Rg5 1-0

[Event "Toronto-ch Reserves"]
[Site "Toronto CAN"]
[Date "2002.01.21"]
[Round "5"]
[White "Shah, Omar"]
[Black "Haziprodromu, Sam"]
[Result "1-0"]
[WhiteElo "1913"]
[BlackElo "1979"]
[PlyCount "37"]
[EventDate "2002.01.09"]
[EventType "tourn"]
[EventRounds "11"]
[EventCountry "CAN"]

1. e4 e5 2. Nf3 Nc6 3. d4 exd4 4. Nxd4 Bc5 5. Nxc6 bxc6 6. Bc4 Qf6 7. O-O Ne7
8. Qh5 d6 9. Nc3 Ng6 10. Bg5 Qe5 11. Kh1 O-O 12. f4 Qe8 13. Bb3 Bd4 14. Rae1
Kh8 15. Rf3 f6 16. f5 Bxf5 17. Rxf5 fxg5 18. Rxg5 Bxc3 19. Qxh7+ 1-0

[Event "Toronto-ch Reserves"]
[Site "Toronto CAN"]
[Date "2002.01.21"]
[Round "5"]
[White "Sviridovitch, Alina"]
[Black "De Jesus, Enrique"]
[Result "0-1"]
[WhiteElo "1925"]
[BlackElo "2002"]
[PlyCount "60"]
[EventDate "2002.01.09"]
[EventType "tourn"]
[EventRounds "11"]
[EventCountry "CAN"]

1. d4 Nf6 2. Nf3 d6 3. Bg5 Ne4 4. Bh4 Bf5 5. e3 Nd7 6. Bd3 h6 7. Nbd2 Nxd2 8.
Bxf5 Nxf3+ 9. Qxf3 c6 10. O-O g5 11. Bg3 e6 12. Bd3 f5 13. Qh5+ Ke7 14. f4 Nf6
15. Qe2 d5 16. fxg5 hxg5 17. Be5 Rh6 18. Bxf6+ Kxf6 19. g4 Bd6 20. Rf2 Qc7 21.
gxf5 e5 22. e4 Rah8 23. exd5 cxd5 24. dxe5+ Bxe5 25. Re1 Bxh2+ 26. Kf1 Be5 27.
Rg2 Rh1+ 28. Rg1 Rxg1+ 29. Kxg1 Bd4+ 30. Kg2 Rh2+ 0-1

[Event "Toronto-ch Reserves"]
[Site "Toronto CAN"]
[Date "2002.01.23"]
[Round "6"]
[White "Cohen, David"]
[Black "Sviridovitch, Alina"]
[Result "1-0"]
[WhiteElo "2023"]
[BlackElo "1925"]
[PlyCount "103"]
[EventDate "2002.01.09"]
[EventType "tourn"]
[EventRounds "11"]
[EventCountry "CAN"]

1. e4 d5 2. exd5 Nf6 3. d4 Nxd5 4. Nf3 g6 5. Bd3 Bg7 6. c3 Nc6 7. O-O O-O 8.
Re1 Bg4 9. Bg5 h6 10. Bh4 Qd7 11. Bg3 Rfe8 12. Nbd2 e5 13. dxe5 Nxe5 14. Bxe5
Bxe5 15. Rxe5 Nf4 16. Rxe8+ Rxe8 17. Bc4 Bxf3 18. Nxf3 Qg4 19. Qf1 b5 20. Bxb5
Rb8 21. Nd4 a6 22. Be2 Qg5 23. Rb1 c5 24. Nb3 Rb6 25. Bf3 Rf6 26. Kh1 Qf5 27.
Nd2 g5 28. Be4 Qd7 29. Nb3 Qc7 30. Rd1 c4 31. Nd4 Qe5 32. Re1 Qc5 33. Re3 Kg7
34. Qe1 Qb6 35. Qd2 Ne6 36. Nxe6+ Rxe6 37. Qd4+ Qxd4 38. cxd4 Rd6 39. d5 Kf6
40. g4 Ke5 41. Kg2 a5 42. Kf1 Kf4 43. h3 Rb6 44. Re2 Rb7 45. Bg2 f5 46. gxf5
Kxf5 47. Ke1 h5 48. Kd1 Rd7 49. Kc2 Kf6 50. Kc3 Rc7 51. Re6+ Kf5 52. Rc6 1-0

[Event "Toronto-ch Reserves"]
[Site "Toronto CAN"]
[Date "2002.01.23"]
[Round "6"]
[White "De Jesus, Enrique"]
[Black "Picana, Andrew"]
[Result "1/2-1/2"]
[WhiteElo "2002"]
[BlackElo "2018"]
[PlyCount "71"]
[EventDate "2002.01.09"]
[EventType "tourn"]
[EventRounds "11"]
[EventCountry "CAN"]

1. e4 g6 2. d4 Bg7 3. Nf3 d6 4. Bc4 e6 5. O-O c6 6. a4 Nf6 7. Re1 O-O 8. e5
dxe5 9. dxe5 Qxd1 10. Rxd1 Nd5 11. Bf1 a5 12. c4 Nb4 13. Nc3 Nd7 14. Bf4 f6 15.
Ne4 Nxe5 16. Nxe5 fxe5 17. Be3 Nc2 18. Bc5 Re8 19. Rac1 Nd4 20. Rc3 Ra6 21.
Bxd4 exd4 22. Rb3 Ra8 23. Nd6 Re7 24. c5 h6 25. Bc4 Kh7 26. Rb6 e5 27. f3 Rb8
28. b4 axb4 29. Rxb4 h5 30. Rdb1 Bf8 31. a5 Ra8 32. Nxc8 Rxc8 33. Rxb7 Rxb7 34.
Rxb7+ Kh6 35. Kf1 Bxc5 36. h4 1/2-1/2

[Event "Toronto-ch Reserves"]
[Site "Toronto CAN"]
[Date "2002.01.23"]
[Round "6"]
[White "Haziprodromu, Sam"]
[Black "Bergeron, Florian"]
[Result "0-1"]
[WhiteElo "1979"]
[BlackElo "1954"]
[PlyCount "108"]
[EventDate "2002.01.09"]
[EventType "tourn"]
[EventRounds "11"]
[EventCountry "CAN"]

1. e4 e6 2. c4 c5 3. Nf3 Nc6 4. d4 cxd4 5. Nxd4 Bc5 6. Nxc6 bxc6 7. Be2 Qh4 8.
O-O Qxe4 9. Nc3 Qe5 10. Kh1 Nf6 11. f4 Qc7 12. f5 O-O 13. Bf4 e5 14. Bg5 Be7
15. Bxf6 Bxf6 16. Ne4 d5 17. Nxf6+ gxf6 18. Qd2 Kh8 19. Rac1 Qe7 20. Rc3 Rg8
21. Rh3 Rg5 22. Rh5 Rxh5 23. Bxh5 Bb7 24. c5 Rg8 25. b4 Ba6 26. Re1 e4 27. a4
Rg5 28. g4 Qe5 29. Qe3 Bd3 30. Bxf7 Rxg4 31. Qh6 Qe7 32. Be6 d4 33. b5 e3 34.
h4 Bc4 35. Qh5 Rg7 36. Qf3 Bxe6 37. fxe6 Qxe6 38. bxc6 Rc7 39. Rd1 Qxc6 40.
Qxc6 Rxc6 41. Rxd4 Rxc5 42. Kg2 Re5 43. Kf1 Re7 44. Ke2 Kg7 45. a5 Kg6 46. a6
Re6 47. Ra4 Kf5 48. Ra5+ Kg4 49. Ra4+ Kg3 50. h5 f5 51. Ra5 Kg4 52. Ra1 f4 53.
Rg1+ Kxh5 54. Kf3 e2 0-1

[Event "Toronto-ch Reserves"]
[Site "Toronto CAN"]
[Date "2002.01.23"]
[Round "6"]
[White "Millar, David"]
[Black "Deslauriers, Brian"]
[Result "1/2-1/2"]
[WhiteElo "1877"]
[BlackElo "1966"]
[PlyCount "98"]
[EventDate "2002.01.09"]
[EventType "tourn"]
[EventRounds "11"]
[EventCountry "CAN"]

1. e4 d6 2. d4 Nf6 3. Nc3 g6 4. Nf3 Bg7 5. h3 O-O 6. Be3 c6 7. Bd3 b5 8. Qd2
Qc7 9. Bh6 e5 10. Bxg7 Kxg7 11. O-O Nbd7 12. Ne2 Bb7 13. c3 Rae8 14. Ng3 Rg8
15. Qg5 Kf8 16. dxe5 dxe5 17. Rad1 Rg7 18. b4 a6 19. c4 bxc4 20. Bxc4 c5 21.
bxc5 Qxc5 22. Bb3 Qe7 23. Rfe1 Nc5 24. Bc2 Nfd7 25. Qe3 f6 26. Nd2 Qe6 27. Nb3
Qc6 28. Na5 Qb5 29. Nxb7 Qxb7 30. Rd6 Qc7 31. Red1 Re6 32. Rxe6 Nxe6 33. Bb3
Nd4 34. Rc1 Qd6 35. Rc8+ Ke7 36. Bd5 Nb6 37. Rc1 Nxd5 38. exd5 Nb5 39. Qd2 f5
40. Qg5+ Kf7 41. Rc6 h6 42. Rxd6 hxg5 43. Rxa6 Rg8 44. Rb6 Nc3 45. d6 Ke6 46.
a3 Ra8 47. d7+ Kxd7 48. Rxg6 f4 49. Nf5 Rxa3 1/2-1/2

[Event "Toronto-ch Reserves"]
[Site "Toronto CAN"]
[Date "2002.01.23"]
[Round "6"]
[White "Takov, Chris"]
[Black "Paterson, Jim"]
[Result "1-0"]
[WhiteElo "1900"]
[BlackElo "1964"]
[PlyCount "169"]
[EventDate "2002.01.09"]
[EventType "tourn"]
[EventRounds "11"]
[EventCountry "CAN"]

1. d4 Nf6 2. Nf3 e6 3. g3 c5 4. Bg2 Nc6 5. c3 d5 6. O-O Be7 7. Re1 O-O 8. b3
cxd4 9. cxd4 Ne4 10. a3 Qb6 11. Bb2 f5 12. e3 Bd7 13. Nbd2 Bf6 14. Rb1 Rac8 15.
b4 Nd8 16. Qb3 Qa6 17. Bf1 Qa4 18. Rbc1 Nf7 19. b5 Qxb3 20. Nxb3 b6 21. a4 Nfd6
22. Nfd2 Rfd8 23. f3 Nxd2 24. Nxd2 Bg5 25. Kf2 Kf7 26. h4 Be7 27. Bd3 Nb7 28.
Nb3 Bb4 29. Red1 g6 30. Na1 Na5 31. Nc2 Bc3 32. Ba3 Nc4 33. Ke2 Bb2 34. Bxb2
Nxb2 35. Rd2 Nxa4 36. Ra1 Bxb5 37. Nb4 Nc3+ 38. Ke1 a5 39. Bxb5 Nxb5 40. Nd3
Rd6 41. Rb2 Na7 42. Rab1 b5 43. Kd2 Ke7 44. Nc5 Rdc6 45. Rxb5 Nxb5 46. Rxb5 a4
47. Nxa4 Rc2+ 48. Kd3 Rg2 49. Rb7+ Kf8 50. Nc5 Rc6 51. Rxh7 Rxg3 52. Nd7+ Ke8
53. Ne5 Ra6 54. Kc3 Rg1 55. Kb4 Rb1+ 56. Kc5 Rab6 57. Rh8+ Ke7 58. Rh7+ Kd8 59.
Nc6+ Ke8 60. Re7+ Kf8 61. Rxe6 R1b5+ 62. Kd6 Kg7 63. Ke5 Kh6 64. Kf4 Rb7 65.
Ne7 R5b6 66. Nxf5+ Kh5 67. Nd6 Rf7+ 68. Kg3 Rd7 69. Re5+ Kh6 70. Ne8 Rd8 71.
Kg4 Rc6 72. h5 gxh5+ 73. Rxh5+ Kg6 74. Rg5+ Kf7 75. Ng7 Rg8 76. Nh5 Re6 77.
Rxg8 Kxg8 78. Kf4 Kf7 79. e4 Rh6 80. Kg5 dxe4 81. Kxh6 exf3 82. Kg5 Ke6 83. Kf4
Kd5 84. Ke3 f2 85. Ng3 1-0

[Event "Toronto-ch Reserves"]
[Site "Toronto CAN"]
[Date "2002.01.23"]
[Round "6"]
[White "Vadachkoriya, Irakli"]
[Black "Shah, Omar"]
[Result "0-1"]
[WhiteElo "1949"]
[BlackElo "1913"]
[PlyCount "56"]
[EventDate "2002.01.09"]
[EventType "tourn"]
[EventRounds "11"]
[EventCountry "CAN"]

1. e4 c5 2. Nc3 Nc6 3. f4 g6 4. Bc4 e6 5. d3 Bg7 6. Nf3 Nge7 7. O-O O-O 8. Qe1
Nd4 9. Nxd4 Bxd4+ 10. Kh1 a6 11. a4 b6 12. Qh4 Bb7 13. f5 gxf5 14. Bg5 f6 15.
Bh6 Ng6 16. Qh3 fxe4 17. Bxf8 Qxf8 18. dxe4 Qg7 19. Qg3 Be5 20. Qg4 Kf7 21.
Rad1 Bc6 22. Bd3 Rg8 23. Rf3 h5 24. Qxh5 Rh8 25. Qg4 Rh4 26. Qg5 Bxh2 27. Bf1
Bg3+ 28. Kg1 Rh1+ 0-1

[Event "Toronto-ch Reserves"]
[Site "Toronto CAN"]
[Date "2002.01.28"]
[Round "7"]
[White "Bergeron, Florian"]
[Black "Vadachkoriya, Irakli"]
[Result "0-1"]
[WhiteElo "1954"]
[BlackElo "1949"]
[PlyCount "118"]
[EventDate "2002.01.09"]
[EventType "tourn"]
[EventRounds "11"]
[EventCountry "CAN"]

1. d4 Nf6 2. c4 g6 3. Nc3 Bg7 4. e4 d6 5. f4 e5 6. fxe5 dxe5 7. d5 O-O 8. Nf3
Nh5 9. Be2 f5 10. Bg5 Qe8 11. Qd2 f4 12. O-O-O h6 13. Bh4 g5 14. Bf2 Nf6 15.
Kb1 b6 16. Bd3 Nbd7 17. Nb5 Qd8 18. c5 bxc5 19. Qc3 a6 20. Na3 Re8 21. Bxc5
Nxc5 22. Qxc5 Bf8 23. Qc3 Bd6 24. Nc4 Qe7 25. Nxd6 cxd6 26. Rc1 Bd7 27. Qa5
Reb8 28. b3 Bb5 29. Bc2 Rc8 30. Ka1 Qc7 31. Qxc7 Rxc7 32. Bb1 Rac8 33. Kb2 Rxc1
34. Rxc1 Rxc1 35. Kxc1 Bf1 36. Ne1 Kf7 37. Kd2 Ke7 38. b4 Kd7 39. Bd3 Bxd3 40.
Kxd3 Ng4 41. a4 Nf2+ 42. Kc4 Nxe4 43. b5 axb5+ 44. axb5 Kc7 45. Nd3 Nf6 46. Nb4
g4 47. Nc2 h5 48. Ne1 Nd7 49. Kd3 Kb6 50. Ke4 Kxb5 51. Kf5 Kc5 52. Kg5 Kxd5 53.
Kxh5 Nf6+ 54. Kg5 Ke6 55. h4 gxh3 56. gxh3 Ne4+ 57. Kg6 Nd2 58. h4 f3 59. h5 f2
0-1

[Event "Toronto-ch Reserves"]
[Site "Toronto CAN"]
[Date "2002.01.28"]
[Round "7"]
[White "Cohen, David"]
[Black "De Jesus, Enrique"]
[Result "1/2-1/2"]
[WhiteElo "1950"]
[BlackElo "1925"]
[PlyCount "167"]
[EventDate "2002.01.09"]
[EventType "tourn"]
[EventRounds "11"]
[EventCountry "CAN"]

1. e4 c5 2. Nf3 Nc6 3. d4 cxd4 4. Nxd4 g6 5. Bc4 Bg7 6. Be3 d6 7. Nc3 a6 8. O-O
e6 9. Qd2 Qc7 10. Bb3 Nf6 11. Rad1 Ng4 12. Nxc6 Nxe3 13. Qxd6 Qxd6 14. Rxd6
bxc6 15. fxe3 Bb7 16. Rfd1 O-O 17. Na4 Be5 18. Rd7 Rab8 19. c3 Bc8 20. R7d3 Rb5
21. Bc4 Rb8 22. b4 Re8 23. Nc5 Ra8 24. a4 Ra7 25. a5 Kf8 26. Bb3 Ke7 27. Ba4
Rc7 28. g3 h5 29. Kg2 Rg8 30. R1d2 Rh8 31. Nb3 Bb7 32. Nd4 c5 33. Nf3 Bxe4 34.
Rd7+ Rxd7 35. Rxd7+ Kf6 36. bxc5 Bxc3 37. Kf2 Bxa5 38. Ra7 Bd3 39. Nd4 Rc8 40.
c6 Rc7 41. Ra8 Ke7 42. Kf3 e5 43. Nb3 Bb6 44. Rb8 Ba7 45. Rb7 Kd6 46. Na5 f5
47. h4 Be4+ 48. Ke2 Bd5 49. Rb1 Ke7 50. Rd1 Be6 51. Rb1 Bc5 52. Rb8 Rc8 53.
Rb7+ Kf6 54. Rb2 Rc7 55. Nb7 Ba7 56. Na5 Ke7 57. Rd2 Bc5 58. Rb2 Bd5 59. Rc2
Bb4 60. Nb7 a5 61. Nxa5 Bxa5 62. Rc5 Kd6 63. Rxa5 Bxc6 64. Bxc6 Rxc6 65. Kf3
Ke6 66. Rb5 Kf6 67. Ra5 Re6 68. Rb5 g5 69. hxg5+ Kxg5 70. Rb8 Rg6 71. Re8 e4+
72. Kg2 Kg4 73. Rh8 Kg5 74. Rh7 Rd6 75. Rg7+ Kh6 76. Rf7 Kg6 77. Rf8 Rd2+ 78.
Kf1 Rh2 79. Rg8+ Kf6 80. Rf8+ Ke5 81. Re8+ Kf6 82. Rf8+ Ke5 83. Re8+ Kf6 84.
Rf8+ 1/2-1/2

[Event "Toronto-ch Reserves"]
[Site "Toronto CAN"]
[Date "2002.01.28"]
[Round "7"]
[White "Deslauriers, Brian"]
[Black "Takov, Chris"]
[Result "0-1"]
[WhiteElo "1966"]
[BlackElo "1900"]
[PlyCount "88"]
[EventDate "2002.01.09"]
[EventType "tourn"]
[EventRounds "11"]
[EventCountry "CAN"]

1. c4 e5 2. g3 Nf6 3. Bg2 c6 4. d4 exd4 5. Qxd4 Bb4+ 6. Bd2 Bxd2+ 7. Nxd2 O-O
8. e3 d5 9. cxd5 Nxd5 10. Ne2 Be6 11. O-O Nd7 12. e4 c5 13. Qa4 N7b6 14. Qd1
Nb4 15. Nb3 Qxd1 16. Rfxd1 Na4 17. Nf4 Nxb2 18. Nxc5 Nxd1 19. Ncxe6 fxe6 20.
Rxd1 e5 21. Nd5 Nc6 22. f4 g6 23. Bf1 Rad8 24. a3 Kg7 25. Rb1 b6 26. Bc4 Nd4
27. Kf2 Rc8 28. Bd3 exf4 29. gxf4 Ne6 30. Ke3 Rf7 31. h4 Rc5 32. a4 Nc7 33. Nb4
Rd7 34. Nc2 Ne6 35. Rb5 Rc3 36. Rd5 Rxd5 37. exd5 Nxf4 38. Kxf4 Rxd3 39. Ke5
Kf7 40. Kd6 a5 41. Ne1 Ra3 42. Kd7 Rxa4 43. Nf3 Rf4 44. Ng5+ Kf6 0-1

[Event "Toronto-ch Reserves"]
[Site "Toronto CAN"]
[Date "2002.01.28"]
[Round "7"]
[White "Paterson, Jim"]
[Black "Picana, Andrew"]
[Result "1/2-1/2"]
[WhiteElo "1964"]
[BlackElo "2018"]
[PlyCount "177"]
[EventDate "2002.01.09"]
[EventType "tourn"]
[EventRounds "11"]
[EventCountry "CAN"]

1. e4 c5 2. Nf3 d6 3. d4 cxd4 4. Qxd4 Nc6 5. Bb5 Bd7 6. Bxc6 Bxc6 7. O-O e5 8.
Qe3 Nf6 9. Nc3 Be7 10. Rd1 Qc7 11. h3 O-O 12. Qe2 a6 13. Bg5 Rac8 14. Rac1 Ne8
15. Bxe7 Qxe7 16. Nd5 Bxd5 17. Rxd5 f5 18. exf5 Rxf5 19. Rcd1 Rf7 20. c4 b6 21.
b3 h6 22. Qe3 Rc5 23. Rxc5 bxc5 24. Qe4 Qb7 25. Qg6 a5 26. Nh4 Qd7 27. g4 Rf6
28. Qe4 Qe6 29. Nf5 h5 30. f3 hxg4 31. hxg4 g6 32. Ne3 Rf4 33. Qa8 e4 34. Rxd6
Qxd6 35. Qxe8+ Kg7 36. Ng2 Rxf3 37. Qxe4 Qd4+ 38. Qxd4+ cxd4 39. Ne1 Rc3 40.
Kf2 a4 41. bxa4 Ra3 42. Ke2 Rc3 43. Nf3 d3+ 44. Kd2 Rxc4 45. Kxd3 Rxa4 46. g5
Rxa2 47. Ke4 Re2+ 48. Kf4 Re6 49. Ne5 Kf8 50. Ke4 Ra6 51. Kf4 Ra4+ 52. Kf3 Kg7
53. Ke3 Rb4 54. Kf3 Rh4 55. Ke3 Rh5 56. Kf4 Kh7 57. Kg4 Kg7 58. Kf4 Rh8 59. Kg4
Rf8 60. Nf3 Rf5 61. Nh4 Ra5 62. Nf3 Kf7 63. Nh4 Ra4+ 64. Kg3 Rb4 65. Kh3 Rb6
66. Kg4 Re6 67. Kf4 Ke7 68. Nf3 Kd6 69. Nh4 Kd7 70. Kf3 Ra6 71. Kf4 Ra4+ 72.
Kg3 Ra6 73. Kg4 Ra4+ 74. Kg3 Ke6 75. Kh3 Ke5 76. Kg3 Ke4 77. Kg4 Ra6 78. Kg3
Ke3 79. Kg4 Rb6 80. Kg3 Ke2 81. Kg4 Ke3 82. Nxg6 Rxg6 83. Kf5 Rg8 84. g6 Kf3
85. Kf6 Rf8+ 86. Ke7 Ra8 87. g7 Kf4 88. Kf7 Ra7+ 89. Kg6 1/2-1/2